000 00193nam a2200073Ia 4500
008 170523s9999 xx 000 0 und d
100 _aGupta- J.M.L.
245 0 _aThermal Engineering
260 _aBharat Bharati Prakashan Meerut
999 _c11876
_d11876